[Event "E World Team Championship"]
[Site "FIDE"]
[Date "2019.03.12"]
[Round "7.4"]
[White "Artemiev, Vladislav"]
[Black "Izoria, Zviad"]
[Result "1-0"]
[WhiteElo "2736"]
[BlackElo "2603"]
[EventDate "2019.??.??"]
[Annotator "Bojkov,Dejan"]
[PlyCount "89"]
[Beauty "7353789329928"]
[EventType "team-tourn"]
[EventCountry "FID"]

1.Nf3 Nf6 2.c4 e6 3.Nc3 d5 4.e3 c5 5.d4 dxc4 6.Bxc4 a6 7.O-O b5 8.Bb3 Bb7 9.e4 cxd4 10.Nxd4 Nc6 ( {Another grandmaster game saw a quick draw after:} 10...Nbd7 11.Re1 Nc5 12.Bd5 Rc8 13.Bg5 Be7 14.Bxb7 Nxb7 15.e5 Nd5 16.Bxe7 {½-½ (16) Berkes,F (2648)-Tarlev,K (2592) Rasht 2017} ) 11.Nxc6 Qxd1 12.Rxd1 Bxc6 13.f3 {This is the main reason why White keeps on playing this endgame. The white pawn chain effectively kills the bishop on c6 and prevents Black's counterplay. Izoria has now a solid, but passive position.} 13...Bc5+ 14.Kf1 Ke7 15.Ne2 $146 {As innocent as it seems, this move contains a lot of poison. Not only is the knight heading to the central d4 square; the c-file is opened as well.} ( {In a predecessor Korobov quickly got the upper hand after:} 15.e5 Nd7 16.Bg5+ f6 $2 ( {However Black can simply retreat with the king:} 16...Ke8 {and eventually chase the white bishop away with h7-h6 followed by g7-g5 if needed.} ) 17.exf6+ gxf6 18.Re1 $1 e5 ( 18...fxg5 19.Rxe6+ {drops a pawn for Black.} ) 19.Bh4 b4 20.Nd5+ Bxd5 21.Bxd5 {Korobov,A (2675)-Lesiege, A (2512) Baku 2016} ) 15...Rhd8 $2 {And Black reacts poorly!} ( 15...h6 $6 {to restrain the bishop is not effective here as there is another good square for this bishop:} 16.Bf4 {Then the endgame arising after} 16...Rhd8 17.Rac1 Rxd1+ 18.Bxd1 Rd8 19.Rxc5 Rxd1+ 20.Kf2 Bb7 ( 20...Kd7 21.Nc1 {is similar.} ) 21.Nc1 {is much better for White despite the opposite-colored bishops.} ) ( {However, good was:} 15...Rac8 $1 {and only after} 16.Bg5 h6 17.Bd2 Rhd8 {with approximate equality.} ) ( 15...Rhc8 {should be also playable.} ) 16.Bg5 $1 {With a double threat: a skewer along the c-file or simply e4-e5 to win the knight.} 16...Rxd1+ ( 16...h6 {drops a pawn after} 17.Rdc1 $1 ( {Worse is:} 17.Bxf6+ gxf6 18.Rdc1 Kd6 {and Black holds.} ) 17...hxg5 18.Rxc5 {with another double threat.} ) 17.Rxd1 Bd6 {I suspect Black interrupted his preliminary calculations here, whereas Artemiev saw a bit further...} ( {It should be noted that} 17...e5 {would not have saved him either due to:} 18.f4 $1 ( {Also good is:} 18.Rc1 Kd6 19.Ng3 $1 ( {But not:} 19.Bxf7 Nxe4 $1 ) ) 18...Bd6 19.Ng3 Bd7 ( 19...g6 20.Bxf6+ {wins a ton of bishops.} ) 20.Nh5 {and Black cannot withstand the pressure.} ) 18.Rxd6 $3 {This effectively finishes the game.} 18...Kxd6 19.e5+ {The point behind the combination. The king is dragged in front of his pawn chain. Even in the deep endgame, without the major pieces on the board this is still too dangerous.} 19...Kxe5 ( {Nothing changes:} 19...Ke7 20.exf6+ gxf6 21.Bd2 ) 20.Bf4+ Kf5 21.Bc2+ Ne4 ( {Or else Black will lose even more:} 21...Be4 22.fxe4+ Nxe4 23.g4+ ) 22.fxe4+ Kf6 23.Kf2 {The forcing play is over. White's piece pair is much stronger than the rook as it controls too many squares.} 23...e5 24.Bd2 Ke7 25.Bb4+ {It is always useful to worsen the position of the enemy pieces.} 25...Ke8 ( {Or} 25...Ke6 26.Bb3+ ) 26.Ba5 {Petrifying the queenside pawns. Those might become weaknesses in the future.} 26...Bd7 27.Bb3 Rc8 28.Nc3 Rc6 29.Nd5 Rh6 30.Bc3 {Another nasty in-between move.} 30...Kf8 ( 30...f6 {blocks his own rook.} ) 31.h3 ( {Izoria was not afraid of:} 31.Bxe5 Re6 32.Bc3 Rxe4 {although White is still close to winning here.} ) 31...f5 ( {If} 31...Rc6 32.Ne3 {followed by Bb3-d5 regrouping nicely.} ) 32.exf5 Bxf5 33.Bxe5 {Artemiev won a pawn and centralized his pieces. The end is nigh.} 33...a5 ( 33...Be6 34.Bf4 $1 ) 34.Ke3 Rc6 35.Nc3 b4 36.Bd5 Rc8 37.Nb5 Rc1 {The last chance for Black is to activate this rook.} ( 37...Rc2 {loses to} 38.Nd4 ) 38.Nd6 Bb1 39.Nb7 Re1+ 40.Kd4 {Powerful centralization!} 40...Re2 41.a4 $1 {And excellent technique. This pawn is a future queen, so White keeps it.} ( 41.Nxa5 Rxb2 {gives Black drawing chances.} ) 41...Rxb2 42.Nxa5 Bc2 ( {The last practical chance was:} 42...Rd2+ 43.Kc5 Rxd5+ 44.Kxd5 Bc2 {although Black should lose here too.} ) 43.Nc4 Ra2 44.Bd6+ Ke8 45.Bxb4 {Black resigned as the pawn is untouchable.} ( 45.Bxb4 Rxa4 ( 45...Bxa4 46.Nd6+ ) 46.Bc6+ ) 1-0

[Event "Shamkir Chess"]
[Site "?"]
[Date "2019.04.03"]
[Round "4.1"]
[White "Mamedyarov, Shakhriyar"]
[Black "Navara, David"]
[Result "1/2-1/2"]
[WhiteElo "2790"]
[BlackElo "2739"]
[EventDate "2019.??.??"]
[Annotator "Bojkov,Dejan"]
[PlyCount "170"]
[Beauty "4058878323727"]
[EventType "team-tourn"]

1.d4 Nf6 2.c4 e6 3.Nc3 Bb4 4.Nf3 d5 5.Bg5 h6 6.Bh4 dxc4 7.a3 Bxc3+ 8.bxc3 Nbd7 9.e3 b5 10.a4 c6 11.Qb1 Qa5 $146 {Navara deviates first from a game that Mamedyarov lost recently in the Netherlands.} ( {It went:} 11...a6 12.Be2 O-O 13.O-O Qe8 14.Re1 Nd5 15.Qc2 {when apparently Black feared some thorough home preparation, Mamedyarov,S (2817)-Vidit,S (2695) Wijk aan Zee 2019} ) 12.Qb2 Ne4 13.axb5 Qxb5 14.Qc1 ( 14.Qa3 $5 ) 14...c5 15.Be2 {For the pawn White has solid compensation thanks to the bishop pair and the better pawn structure.} 15...O-O 16.O-O Bb7 17.Rb1 Qc6 18.Bxc4 cxd4 ( {Perhaps Black should have moved the queen away from the possible trouble with the preliminary} 18...Qc7 $5 ) 19.Bb5 ( {Black equalizes easily after:} 19.cxd4 Rfc8 20.Bb5 Qxc1 21.Rfxc1 Nb6 ) 19...Qc7 ( 19...Qd6 {due to:} 20.exd4 $1 {when the Czech GM had calculated the following interesting lines:} 20...Rac8 21.c4 g5 22.c5 Ndxc5 23.dxc5 Rxc5 24.Qe3 Nc3 ( {Or} 24...gxh4 25.Bd3 Rc3 26.Rxb7 Qxd3 27.Qxh6 ) 25.Bg3 {In both cases with advantage for White.} ) 20.cxd4 Rfc8 21.Qb2 {With the strong center Mamedyarov definitely wants to keep the queens. The chances for a kingside attack he might get are quite serious.} 21...Nb6 22.Rfc1 Qd6 23.Ne5 g5 {A good practical chance. Black swaps off the dangerous bishop.} ( 23...Rxc1+ 24.Rxc1 Rc8 25.Rxc8+ Bxc8 26.f3 Nf6 {would see Black suffering after} 27.Bg3 Qe7 28.e4 {The white pieces are in full control.} ) 24.f3 {"This was a mistake as I am all of a sudden fine now." (Navara)} ( 24.Bg3 Nxg3 ( 24...h5 25.Nxf7 Qd5 26.Ne5 h4 {to which White keeps promising initiative with} 27.Bxh4 gxh4 28.f3 Ng5 29.Bd3 ) 25.hxg3 {with an advantage for White.} ) 24...gxh4 25.fxe4 Bxe4 26.Qf2 $1 {The point behind Mamedyarov's play.} 26...Qe7 $1 ( {White's tactical idea is revealed in case of:} 26...f5 27.Qxh4 Bxb1 28.Qg3+ Kf8 29.Rxc8+ Rxc8 ( {Or} 29...Nxc8 30.Qg6 ) 30.Ng6+ {and wins the queen.} ) ( {Black loses on the spot after:} 26...Bxb1 $4 27.Qxf7+ Kh8 28.Rxb1 ) 27.Ra1 {This is inaccurate.} ( {Better was:} 27.Bd3 Bxd3 28.Nxd3 Rxc1+ ( {Otherwise White keeps the active rooks after} 28...Nd5 29.Rf1 ) 29.Rxc1 Rc8 30.Rc5 {when White does not risk anything.} ) 27...Rxc1+ 28.Rxc1 Nd5 ( {If} 28...Rc8 29.Rxc8+ Nxc8 30.Qf4 ) 29.Bd3 Bxd3 30.Nxd3 Qf6 {Navara covered his king and kept the extra pawn. Now Mamedyarov needed to find the most precise path to the draw.} 31.Qxf6 $6 {But he could not.} ( 31.e4 $1 {"should be a relatively easy draw after":} 31...Qxf2+ 32.Kxf2 Nf6 33.Ke3 {"as White is two tempos ahead in comparison to the game." (Navara)} ) 31...Nxf6 32.Kf2 a5 33.Ra1 a4 34.Ra3 Ne4+ {An additional possibility in comparison to the line from above.} 35.Ke1 Rb8 36.Nc5 $1 {White needs to get rid of the knights if he wants to have any chances of survival.} 36...Rb1+ 37.Ke2 Rb2+ 38.Kd3 {A curious position. It seems as Black is completely winning, but Mamedyarov always has some counterplay.} 38...Nf6 ( {After} 38...Nd6 39.Rxa4 Rxg2 40.Ra8+ Kg7 41.Ra7 Kg6 42.d5 $1 {is strong (Navara)} ) ( {The same resource works in case of:} 38...Ng5 39.Rxa4 Rxg2 40.d5 {(Navara)} ) ( {Black definitely feared the d-pawn in case of:} 38...Nf2+ 39.Kc4 Nd1 40.e4 {(Navara)} ) 39.Rxa4 Rxg2 40.d5 $1 {Again this move!} 40...Rg5 ( {No time for} 40...Nxd5 41.Rxh4 ) 41.Ne4 {Once more White searches for a knight swap.} 41...Rxd5+ 42.Ke2 Nxe4 ( {On} 42...Nh7 {Black disliked:} 43.Nf2 $1 ) ( {Navara also considered:} 42...Nd7 43.Nf2 Ne5 44.Rxh4 Rd2+ {wen White is not forced to take the rook:} 45.Kf1 ( 45.Kxd2 Nf3+ 46.Ke2 Nxh4 {might just be lost according to Botvinnnik's formula (take the knights away from the board and check if the pawn endgame is won. Knight endgame should have the same evaluation.)} ) ) 43.Rxe4 {So, Navara managed to increase his material advantage. However, he is facing two serious problems in the rook endgame. First, the h-passer is doubled. Second, he often has to avoid the possible endgame with two extra f- and h-pawns for Black as it is as a rule a draw. (True, Kramnik once won it against Aronian, but that is another story.)} 43...h3 ( {I suspect that the players did not even consider the passive} 43...Rh5 ) 44.Rh4 Kg7 45.Rxh3 Kg6 46.Rh4 {Activating the rook at once:} ( 46.Rg3+ {is less accurate after} 46...Rg5 47.Rh3 h5 ) 46...Rh5 47.Rg4+ Rg5 48.Rh4 Rf5 ( {In case of:} 48...f5 49.e4 Rh5 50.exf5+ exf5 {Navara feared both the rook endgame, but even the pawn endgame after:} 51.Rxh5 $1 ( 51.Ra4 ) 51...Kxh5 52.Kf3 Kg5 {Indeed, it is a textbook draw after the only:} 53.Ke2 $3 ( {Not} 53.Kg3 h5 {when Black wins.} ) ) 49.Rg4+ Kh5 50.Ra4 Kg5 51.Rb4 Kg6 52.Rg4+ Rg5 53.Rh4 Rh5 54.Rg4+ Kf6 55.Rf4+ Ke7 56.h4 {Mamedyarov stabilized the position but still has to prove the draw.} 56...Re5 57.Ra4 f5 58.Kf3 Kf6 59.Rb4 Kg6 $1 60.Kf4 ( {Black's plan was nicely demonstrated by Navara in the analyzes. If White plays something passive like} 60.Ra4 Kh5 61.Rd4 {He would lose the pawn endgame:} 61...Re4 62.Rxe4 fxe4+ 63.Kg3 e5 64.Kh3 Kg6 65.Kg4 h5+ 66.Kg3 Kf5 67.Kh3 Ke6 {when the black king will make it to the d3 square.} ) 60...Ra5 61.Kf3 Kh5 62.e4 $1 {Forcing more exchanges. The general defensive principle in such situations is to trade pawns.} 62...Ra3+ 63.Kf2 f4 64.Rb6 Kg4 ( {There is no zugzwang after:} 64...e5 65.Re6 ( 65.Rf6 ) 65...Ra5 66.Kf3 $1 ) 65.Rxe6 Ra2+ 66.Kg1 Kf3 $1 {The last constructive try.} ( 66...h5 67.Rg6+ Kxh4 68.e5 {would be a draw even without the white e5 pawn.} ) 67.Rxh6 Ke3 ( {White saves himself after} 67...Ke2 68.Rb6 $1 ) 68.e5 ( {Here:} 68.Rb6 {loses to:} 68...Ra1+ 69.Kh2 f3 70.Rb3+ Kf4 71.Rb2 Re1 {with the unstoppable Re1-e2+ (Mamedyarov)} ) 68...f3 69.e6 Rg2+ 70.Kh1 {This provides Black one last winning chance.} ( {After the correct:} 70.Kf1 Rh2 71.Rg6 Rh1+ 72.Rg1 Rxh4 73.e7 Re4 74.Rg7 {the game would have ended in a draw.} ) 70...Rg7 {Low on time, Navara missed the study-like win and played the most obvious move.} ( {He was not sure he would have found it though even if he had more time. The winning line runs:} 70...Rg8 71.e7 f2 72.Re6+ Kf3 73.Rf6+ Kg3 74.Rf8 {And now the beautiful:} 74...Rh8 $3 ( {Or even the less fancy:} 74...Rg4 $1 {both win.} ) ) 71.Kh2 f2 72.Rf6 {Now it is a draw as the white pawns are fast enough.} 72...Ke2 73.Kh3 f1=R 74.Rxf1 Kxf1 75.h5 Kf2 76.Kh4 Kf3 77.h6 Rg1 78.Kh5 Kf4 79.h7 Kf5 80.Kh6 Rg6+ 81.Kh5 Rg2 82.Kh6 Kxe6 83.h8=Q Rh2+ 84.Kg7 Rxh8 85.Kxh8 Ke5 1/2-1/2

[Event "Shamkir Chess"]
[Site "?"]
[Date "2019.04.04"]
[Round "5.5"]
[White "Navara, David"]
[Black "Ding, Liren"]
[Result "1-0"]
[WhiteElo "2739"]
[BlackElo "2812"]
[EventDate "2019.??.??"]
[Annotator "Bojkov,Dejan"]
[PlyCount "89"]
[Beauty "7355534162442"]
[EventType "team-tourn"]

1.d4 Nf6 2.Nf3 d5 3.c4 e6 4.Nc3 c6 5.e3 Nbd7 6.Bd3 dxc4 7.Bxc4 b5 8.Bd3 a6 ( {Navara was mostly expecting:} 8...Bb7 {which Ding has played every once in a while. For example:} 9.a3 b4 10.Na4 bxa3 11.O-O axb2 12.Bxb2 {as in Wang,H (2709)-Ding,L (2777) Huaian 2017} ) 9.e4 c5 10.e5 cxd4 11.Nxb5 axb5 12.exf6 gxf6 13.O-O Qb6 14.Qe2 {"The line was popular in the 1990s as well as in the match Anand-Kramnik, but of course I did not remember anything..." (Navara)} 14...b4 15.Bf4 {The bishop often needs to get to g3 in order to defend the kingside. But it might well be sacrificed in case Black pushes the e5 pawn prematurely.} ( {Another participant in the Shamkir tournament won a game after:} 15.Rd1 Bc5 16.Bxh7 Rxh7 17.Qe4 Bb7 18.Qxh7 Bxf3 19.gxf3 Ke7 20.Bf4 {Mamedyarov,S (2747)-Ponomariov,R (2712) Huaian 2016} ) 15...h5 {A surprise for White. The pawn intends to harrass the bishop.} ( {The bishop sacrifice works for example after:} 15...e5 $2 16.Nxe5 fxe5 17.Bxe5 Rg8 18.Bxd4+ Qe6 19.Qf3 {and White is close to winning.} ) 16.Rfc1 ( {White disliked:} 16.Rac1 Bc5 17.Nd2 e5 ) 16...Bc5 17.a4 {Looking for a way to reach the black king.} 17...bxa3 18.bxa3 ( {Navara also considered} 18.b4 Bxb4 19.Bc7 Qa7 20.Be4 {"but this is too much after:"} 20...Bc3 $5 ) 18...Ba6 19.Rab1 Bxd3 20.Qxd3 Rxa3 $146 {A novelty. I am not sure how much Ding knew about the line, as he never said a word at the press conference, but the move is logical and good.} ( {An email game saw a very sharp play after:} 20...Qc6 21.Rb5 O-O 22.Nd2 Rfc8 23.Nb3 Qd5 24.Bh6 h4 25.Nxc5 Rxc5 26.Rbxc5 Nxc5 27.Rxc5 Qxc5 28.Qe4 Qf5 29.Qxa8+ Kh7 30.g4 Qxg4+ {½-½ (30) Rodriguez Rey,J (2321)-Pluemmer,R (2244) ICCF email 2010} ) 21.Qxa3 $1 {The best move. White came to this conclusion after disliking all the remaining ideas:} ( 21.Qc4 Rc3 {This might lead to a draw after:} 22.Rxb6 Rxc4 23.Rxc4 Bxb6 24.Rc8+ Bd8 25.Bc7 Ke7 26.Nxd4 Ne5 27.Ra8 Kd7 28.Ba5 Re8 29.Ra7+ Kd6 30.Ra8 Kd7 ) ( 21.Qe4 f5 ) ( 21.Qd1 {when "Black does not need to play"} 21...Qd8 {When White is better after:} ( {But rather chose:} 21...Qa6 22.Nxd4 Rd3 ) ( {Or} 21...Qa7 ) 22.Nxd4 $1 ( {Then} 22.Rxc5 $2 {is refuted after:} 22...Nxc5 $1 23.Rb8 Qxb8 24.Bxb8 Nb3 25.Ne1 Ra1 26.Qe2 d3 27.Qe4 O-O {and Black wins due to the pin. (Navara)} ) ) 21...Bxa3 {Now both players follow forcing line.} 22.Rxb6 Bxc1 23.Rc6 Bxf4 24.Rc8+ Ke7 25.Rxh8 d3 ( {"I expected something like:"} 25...e5 {"and believed the position to be equal." (Navara)} ) 26.Kf1 {Black has two pawns for the exchange and the d3 passer will soon net him a knight.} 26...Nc5 27.Rxh5 Ne4 ( {After} 27...e5 {White planned:} 28.g3 Bc1 29.Rh8 {"At least I am not losing and it is probably a draw." (Navara)} ) 28.Rh4 e5 {The most precise. Ding is extremely good in forcing play.} ( 28...d2 {gives White additional choice. Then:} 29.Nxd2 Nxd2+ 30.Ke2 Bg5 31.Rb4 e5 {allows the forcing:} 32.f4 $5 {which however leads to a draw after:} ( 32.g3 {might transpose into the game.} ) 32...exf4 ( {Or even} 32...Bxf4 33.Rxf4 exf4 34.Kxd2 Ke6 35.Ke2 Kf5 36.Kf3 Kg5 37.h3 f5 {"Sorry for shoing irrelevant lines" (Navara)} ) 33.Kxd2 f3+ 34.Ke1 fxg2 {Then the king goes to g7 with a fortress. (Navara)} ) 29.g3 d2 30.Nxd2 Nxd2+ 31.Ke2 Bg5 {Black won a piece and technically speaking is ahead in material. However, the misplaced position of his knight and the bad pawn structure requires accuracy from him.} 32.Rb4 e4 ( {Navar suggested another defense:} 32...Bh6 33.f4 exf4 34.gxf4 Nb3 35.Rxb3 Bxf4 {Then if the king makes it to g7 it should be a fortress.} ) 33.Rd4 Nb3 ( 33...e3 34.f4 Bh6 35.Kxe3 Nf1+ 36.Ke2 ( 36.Kf2 {is even more precise.} ) 36...Nxh2 37.f5 Bg5 38.Kf2 ) 34.Rxe4+ Kd6 ( {Both players agreed that} 34...Kf8 $1 {was better when the knight cannot be caught. For example:} 35.f4 Bh6 36.Rc4 Kg8 {followed by Bh6-f8 and Nb3-c5 with a draw.} ) 35.h4 Bh6 36.h5 $1 {White spotted a nice idea which made Ding regret his king is too far away from the h-file.} 36...Kd7 ( {If} 36...Nc5 {to run as fast as he can with the knight, then:} 37.Re8 Ne6 ( {However, Black can probably defend with:} 37...f5 38.Rh8 Bg7 39.Rh7 Bd4 40.Rxf7 Ke6 ) 38.Rh8 Bg7 39.Rh7 $3 {Self-trapping, but winning the battle as the rook does not intend to stay there!} 39...Ke7 40.Rxg7 $1 Nxg7 41.h6 Kf8 42.h7 {and the pawn makes it to the queen. (Navara)} ) 37.Rb4 Nc1+ {Now the knight really gets in trouble.} ( {Ding could have reverted from the line from above with:} 37...Nc5 38.Rb8 f5 39.Rh8 Bg7 40.Rh7 Bd4 ) 38.Kf3 $1 ( {Black is saving himself after:} 38.Kf1 Ke6 39.Rb8 Kf5 40.Rh8 Kg5 41.g4 Nd3 42.Ke2 Nf4+ 43.Kf3 f5 {(Navara)} ) 38...Ke6 $2 {The last straw.} ( {It looks as Ding could have still defended with:} 38...Ke7 39.Ke4 Kf8 40.Rc4 ( 40.Rb1 Kg7 ) 40...Nb3 41.Rc8+ Kg7 42.Rc3 Na5 {Then Black is always looking for a way to support the knight with Kg7-g8 followed by Bh6-f8.} ) ( 38...Nd3 39.Rd4+ ) 39.Rb6+ Kf5 40.Rb5+ Ke6 41.Ke4 Ne2 42.Rb6+ ( {Also good was:} 42.Rb2 f5+ 43.Kd3 Nc1+ 44.Kc4 {(Navara)} ) 42...Ke7 43.Kd3 Nc1+ {Now it is fast over.} ( {The last chance was:} 43...Ng1 44.f4 Nf3 45.Rb2 {(Navara) although then White should slowly trap the knight with Rb2-f2 and then bring the king closer.} ) 44.Kc4 Ne2 45.Rb1 {The knight is a goner, so Ding resigned.} ( 45.Rb1 Kf8 46.Re1 Nc1 47.f4 Na2 48.Ra1 ) 1-0